| 000 | 00536nam a22001937a 4500 | ||
|---|---|---|---|
| 005 | 20240913145557.0 | ||
| 010 | _aENG-140966 | ||
| 020 |
_a9788193445938 _c1000.00 |
||
| 035 | _aEN-124498 | ||
| 037 | _bDBAD | ||
| 082 | _a323 | ||
| 100 |
_aPragya Singh _971677 |
||
| 245 |
_aHuman Rights Education/ _cBy Pragya Singh |
||
| 250 | _a1 | ||
| 260 |
_aUttar Pradesh _bBlackie Elt Books _c2023 |
||
| 270 |
_aSector -2 , Noida _bUttar Pradesh _e201301 |
||
| 300 |
_a248p. _c22cm,(hb) |
||
| 942 |
_2ddc _cEN _h323 _mPRA |
||
| 999 |
_c204432 _d204432 |
||